[Event "DEN-ch sf4"]
[Site "Svendborg"]
[Date "2024.03.29"]
[Round "5"]
[White "Andersen, Per"]
[Black "Dithlevsen, Birgit"]
[Result "1-0"]
[WhiteElo "1724"]
[BlackElo "1668"]
[PlyCount "71"]
[EventDate "2024.03.29"]
[EventType "swiss"]
[EventRounds "7"]
[EventCountry "DEN"]
[SourceTitle "CB16_2024"]
[SourceDate "2024.04.17"]
[SourceVersion "1"]
[SourceVersionDate "2024.04.17"]
[SourceQuality "1"]

1. d4 d5 2. c4 dxc4 3. e3 Nf6 4. Bxc4 e6 5. Nc3 Bb4 6. Nf3 Nc6 7. Qc2 Bd7 8. 0-0 Bd6 9. e4 Be7 10. Be3 a6 11. a3 b5 12. Be2 b4 13. axb4 Bxb4 14. Bxa6 Bxc3 15. bxc3 h6 16. Bd3 0-0 17. Ra2 Qe7 18. Rfa1 Rxa2 19. Rxa2 Ne8 20. Bf4 Nd6 21. e5 Ne8 22. Be4 f5 23. exf6 Qxf6 24. Be5 Nxe5 25. Nxe5 Bc8 26. Ra7 c5 27. Bh7+ Kh8 28. Ng6+ Kxh7 29. Nxf8+ Kg8 30. Ng6 cxd4 31. Ne7+ Kh8 32. Nxc8 Qe5 33. Ra1 dxc3 34. Ne7 Nc7 35. Ng6+ Kg8 36. Nxe5 1-0

[Event "DEN-ch G5-1 Gr2"]
[Site "Svendborg"]
[Date "2023.04.05"]
[Round "2"]
[White "Bruntse, Kathrine Lindegaard"]
[Black "Andersen, Per"]
[Result "1-0"]
[WhiteElo "1550"]
[BlackElo "1524"]
[PlyCount "73"]
[EventDate "2023.04.05"]
[EventType "swiss"]
[EventRounds "5"]
[EventCountry "DEN"]
[SourceTitle "CBM 213 Extra"]
[Source "ChessBase"]
[SourceDate "2023.05.31"]
[SourceVersion "1"]
[SourceVersionDate "2023.05.31"]
[SourceQuality "1"]

1. d4 Nf6 2. c4 g6 3. Nc3 Bg7 4. e4 d6 5. Nf3 0-0 6. Be2 e5 7. Be3 Nc6 8. d5 Ne7 9. Nd2 Ne8 10. b4 f5 11. f3 f4 12. Bf2 Nf6 13. c5 g5 14. Nc4 Ng6 15. cxd6 cxd6 16. Nb5 Ne8 17. Nxa7 Bd7 18. Nb6 Rb8 19. Rc1 h5 20. a4 Nf6 21. Nb5 Bxb5 22. Bxb5 g4 23. a5 g3 24. hxg3 fxg3 25. Bxg3 Bh6 26. Rc2 Bg5 27. Bf2 h4 28. Rh2 Bf4 29. Rh3 Bg5 30. g3 hxg3 31. Bxg3 Rf7 32. Rch2 Rh7 33. Rxh7 Nxh7 34. Bd7 Nf6 35. Bf5 Bf4 36. Rg2 Nh5 37. Bf2 1-0